000 00281nam a22001217a 4500
008 170622b xxu||||| |||| 00| 0 eng d
041 _aeng
080 _a94
100 _a18
101 _aSHH
245 _aTOWARD AN INTELLECTUAL HISTORY UKRAINE
_cLINDHEIM.R
942 _2udc
_cBK
999 _c18613
_d18613